| 000 | 00873nam a2200277Ia 4500 | ||
|---|---|---|---|
| 001 | Para_8395 | ||
| 003 | CHAP | ||
| 008 | 220125s9999 xx 000 0 und d | ||
| 010 | _a205236 | ||
| 040 | _cCHAP | ||
| 082 | _aPA-C 595.752 A6 | ||
| 100 |
_aWolcott, George N. _9122414 |
||
| 245 |
_aAfidos de importancia económica en Puerto Rico / _c por George N. Wolcott |
||
| 260 |
_aRío Piedras, P.R. : _b Departamento de agricultura y trabajo |
||
| 300 | _a11 p. | ||
| 440 |
_aAphidae; 13 _9171222 |
||
| 500 | _aEncuadernado con otros impresos similares | ||
| 650 |
_a _x Afididos _x Colecciones de escritos _x Entomología económica _x Afididos _x Puerto Rico _9171244 |
||
| 901 | _aPA-C 595.752 A6 | ||
| 902 | _aA | ||
| 905 | _a000000 0000000000 00 | ||
| 910 | _a | ||
| 942 | _cPARA | ||
| 942 |
_cPARA _d1 |
||
| 999 |
_c205236 _d205236 |
||